Sổ tay các nước trên thế giới

Giới thiệu các nước trên thế giới ở năm châu: Á, Âu, Phi, Mỹ, Úc và đại dương gồm: tên nước, vị trí địa lý, diện tích, dân số, ngôn ngữ, chế độ xã hội và cơ cấu tổ chức nhà nước, thủ đô, các thành phố lớn, ngày quốc khánh...

Descrición completa

Gardado en:
Detalles Bibliográficos
Formato: Libro
Idioma:Vietnamese
Publicado: H. Sự thật 1979
Series:Mục lục tr369
Những chủ đề:
Các nhãn: Engadir etiqueta
Sen Etiquetas, Sexa o primeiro en etiquetar este rexistro!
Thư viện lưu trữ: Mạng thư viện Đại học Đà Nẵng
LEADER 01293nam a2200337 4500
001 000008792
003 4984
005 20120522140542.0
008 111021s1979 viesd
020 |c 2đ 
041 0 |a vie 
082 |a 910.3  |b SÔT 
245 0 |a Sổ tay các nước trên thế giới 
260 |a H.  |b Sự thật  |c 1979 
300 |a 374tr  |c 19 cm 
490 |a Mục lục tr369 
520 |a Giới thiệu các nước trên thế giới ở năm châu: Á, Âu, Phi, Mỹ, Úc và đại dương gồm: tên nước, vị trí địa lý, diện tích, dân số, ngôn ngữ, chế độ xã hội và cơ cấu tổ chức nhà nước, thủ đô, các thành phố lớn, ngày quốc khánh 
653 |a Sổ tay 
653 |a Các nước 
653 |a Thế giới 
910 |a Thương  |d 21/10/2011 
OWN |a LSP 
AVA |a UDN50  |b LSP  |d 910.3 SÔT  |e available  |t Error 5001 Not defined in file expand_doc_bib_avail.  |f 7  |g 1  |h N  |i 0  |k 1 
999 |a From the UDN01 
AVA |a UDN50  |b LSP  |d 910.3 SÔT  |e available  |t Error 5001 Not defined in file expand_doc_bib_avail.  |f 7  |g 1  |h N  |i 0  |k 1 
TYP |a Monograph 
TYP |a Printed language 
980 |a Mạng thư viện Đại học Đà Nẵng